|
|
|
|
| LEADER |
00599nta a2200157 i 4500 |
| 001 |
dipl76557 |
| 005 |
20190530120253.0 |
| 008 |
190529s2001 hu om 0|| ger d |
| 040 |
|
|
|a SZTE Diploma Repozitórium
|b hun
|
| 041 |
|
|
|a ger
|
| 100 |
1 |
|
|a Huszka Balázs
|
| 245 |
1 |
0 |
|a Döblins Novelle „Die Ermordung einer Butterblume" aus rezeptionsästhetischer und philosophischer Sicht
|h [elektronikus dokumentum] /
|c Balázs Huszka
|
| 260 |
|
|
|c 2001
|
| 650 |
|
4 |
|a Pedagógusképzés
|
| 700 |
1 |
|
|a Harmat Márta
|e ths
|
| 856 |
4 |
0 |
|u http://diploma.bibl.u-szeged.hu/id/eprint/76557/1/2001_huszka_balazs.pdf
|z Dokumentum-elérés
|